000 01392nam a22003617a 4500
003 CHAP
005 20220329143332.0
008 080922b2008 mx r 00010 spa d
010 _a95139
011 _a96111
035 _a106752
040 _cCHAP
090 _aTesis
100 0 0 _aVelázquez Díaz, Samuel.
_9118530
245 1 0 _aReacción de híbridos de maíz a cepas genotipos específicas de huitlacoche (Ustilago maydis (D.C.) Cda.) y caracterización fenotípica de los aislamientos inoculados
_c/por Samuel Velázquez Díaz
260 _aChapingo, Méx. :
_bEl autor,
_c2008
300 _aix, 101 h. :
_bilus., ilus., gráfs., cuadros
502 _aTesis (M.C. en Horticultura) -- UACH. Departamento de Fitotecnia
590 _aALEPH
_b10
_c20130110
_lUCH01
_h1524
590 _aBATCH-UPD
_b10
_c20130110
_lUCH01
_h1722
590 _aBATCH-UPD
_b10
_c20130410
_lUCH01
_h1105
590 _aBATCH-UPD
_b10
_c20130914
_lUCH01
_h1114
590 _aCONVERSION
_b10
_c20130109
_lUCH01
_h1353
650 1 4 _aCuitlacoche.
_930196
650 1 4 _aGenética.
_947469
650 1 4 _aHongos comestibles.
_956124
650 1 4 _aHongos fitopatógenos.
_956132
650 1 4 _aMaíz
_xHíbridos.
_970974
901 _aBK
942 _cFOLL
949 _aTesis
_bBC
_cTES
_d33724002071561
_eTS1
_gDonaciØn
_h48068
_i106752
_sb
949 _aTesis
_bBC
_cTES
_d33724002071603
_eTS2
_fc.2
_gDonaciØn
_h48069
_i106752
_si
999 _c95139
_d95139